=LDR 00000nam 2200000 4500 =001 INLIS000000000029236 =990 ##$$a 0001/BPAP-NTB/20142015 =005 20130612131503 =990 ##$$a 0001/BPAP-NTB/20142015 =008 ***********************************ind** =990 ##$$a 0001/BPAP-NTB/2016 =035 ##$$0010-061300000029236 =041 ##$$a ind =082 ##$$a 346.7 =090 ##$$a 346.7, SAS b =100 ##$$a Sastrawidjaja, Man S =245 ##$$a Bunga rampai hukum dagang, Man S. Sastrawidjaja =260 ##$$a 2005 $b Bandung =300 ##$$a x, 216 hlm., 21 cm =650 ##$$a Hukum Dagang =850 ##$$a NBPNMAT =990 ##$$a 0001/BPAP-NTB/20142015 =990 ##$$a 0001/BPAP-NTB/20142015 =990 ##$$a 0001/BPAP-NTB/2016 =990 ##$$a 0001/BPAP-NTB/20142015 =990 ##$$a 0001/BPAP-NTB/20142015 =990 ##$$a 0001/BPAP-NTB/2016 =990 ##$$a 09880988 =990 ##$$a 30708886 =990 ##$$a 0001/BPAP-NTB/20142015 =990 ##$$a 0001/BPAP-NTB/20142015 =990 ##$$a 0001/BPAP-NTB/2016